000 00437nam a2200181Ia 4500
001 3854
005 20260306145714.0
008 260306t1984||||xx |||||||||||||| ||spa||
041 _aESP
082 _a303.64
_bS39
100 _aSeoane, Manuel,
_eAUT
245 0 _aLas seis dimensiones de la revolución mundial
260 _c1984
300 _a229 pƔginas :
_c20 cm.
650 _aGEN
654 _aCHU
942 _cLIB
_dJUS
_fJUS
_2ddc
_n
999 _c3854
_d3854